000
00212nam a22000857a 4500
008
140619b xxu||||| |||| 00| 0 eng d
020
_c
Available
082
_2
8th Ed
245
_a
Atkins Physical Chemistry
_c
Atkin Peter
999
_c
24685
_d
24685